Clinical neurorespiratory medicine / (Record no. 43844)

MARC details
001 - CONTROL NUMBER
control field 23795293
003 - CONTROL NUMBER IDENTIFIER
control field 0000
005 - DATE AND TIME OF LATEST TRANSACTION
control field 20251016145055.0
006 - FIXED-LENGTH DATA ELEMENTS--ADDITIONAL MATERIAL CHARACTERISTICS--GENERAL INFORMATION
fixed length control field m |o d |
007 - PHYSICAL DESCRIPTION FIXED FIELD--GENERAL INFORMATION
fixed length control field cr_|||||||||||
008 - FIXED-LENGTH DATA ELEMENTS--GENERAL INFORMATION
fixed length control field 240701s2025 enk ob 001 0 eng
010 ## - LIBRARY OF CONGRESS CONTROL NUMBER
LC control number 2024029949
020 ## - INTERNATIONAL STANDARD BOOK NUMBER
International Standard Book Number 9781009394642
035 ## - SYSTEM CONTROL NUMBER
System control number 23795293
040 ## - CATALOGING SOURCE
Original cataloging agency DLC
Language of cataloging eng
Transcribing agency DLC
Description conventions rda
042 ## - AUTHENTICATION CODE
Authentication code pcc
050 00 - LIBRARY OF CONGRESS CALL NUMBER
Classification number RC 731
060 00 - NATIONAL LIBRARY OF MEDICINE CALL NUMBER
Classification number WF 140.3
082 00 - DEWEY DECIMAL CLASSIFICATION NUMBER
Classification number 616.2
Edition number 23/eng/20240723
100 ## - MAIN ENTRY--PERSONAL NAME
Relator code Grob, Martin
245 00 - TITLE STATEMENT
Title Clinical neurorespiratory medicine /
Statement of responsibility, etc edited by Martin Gross, Eelco F. Wijdicks, Maxwell Damian, Oliver Summ.
263 ## - PROJECTED PUBLICATION DATE
Projected publication date 2410
264 #1 - PUBLICATION, DISTRIBUTION, ETC. (IMPRINT)
Place of publication, distribution, etc Cambridge, United Kingdom ;
-- New York, NY :
Name of publisher, distributor, etc Cambridge University Press,
Date of publication, distribution, etc 2025.
300 ## - PHYSICAL DESCRIPTION
Extent xi, 354 Pages
336 ## - CONTENT TYPE
Content type term text
Content type code txt
Source rdacontent
337 ## - MEDIA TYPE
Media type term computer
Media type code c
Source rdamedia
338 ## - CARRIER TYPE
Carrier type term online resource
Carrier type code cr
Source rdacarrier
500 ## - GENERAL NOTE
General note Includes bibliographical references and index.
504 ## - BIBLIOGRAPHY, ETC. NOTE
Bibliography, etc Includes bibliographical references and index.
505 0# - FORMATTED CONTENTS NOTE
Formatted contents note
588 ## - SOURCE OF DESCRIPTION NOTE
Source of description note Description based on print version record and CIP data provided by publisher; resource not viewed.
650 12 - SUBJECT ADDED ENTRY--TOPICAL TERM
Topical term or geographic name as entry element Respiration Disorders
General subdivision therapy
650 22 - SUBJECT ADDED ENTRY--TOPICAL TERM
Topical term or geographic name as entry element Respiratory Physiological Phenomena
650 22 - SUBJECT ADDED ENTRY--TOPICAL TERM
Topical term or geographic name as entry element Nervous System Diseases
General subdivision therapy
650 22 - SUBJECT ADDED ENTRY--TOPICAL TERM
Topical term or geographic name as entry element Respiratory Therapy
650 22 - SUBJECT ADDED ENTRY--TOPICAL TERM
Topical term or geographic name as entry element Airway Management
700 1# - ADDED ENTRY--PERSONAL NAME
Personal name Gross, Martin,
Titles and other words associated with a name Dr. med.,
Relator term editor.
700 1# - ADDED ENTRY--PERSONAL NAME
Personal name Wijdicks, Eelco F. M.,
Dates associated with a name 1954-
Relator term editor.
700 1# - ADDED ENTRY--PERSONAL NAME
Personal name Damian, Maxwell,
Relator term editor.
700 1# - ADDED ENTRY--PERSONAL NAME
Personal name Summ, Oliver,
Relator term editor.
776 08 - ADDITIONAL PHYSICAL FORM ENTRY
Relationship information Print version:
Title Clinical neurorespiratory medicine
Place, publisher, and date of publication Cambridge, United Kingdom ; New York, NY : Cambridge University Press, 2025
International Standard Book Number 9781009394642
Record control number (DLC) 2024029948
906 ## - LOCAL DATA ELEMENT F, LDF (RLIN)
a 7
b cbc
c orignew
d 1
e ecip
f 20
g y-gencatlg
942 ## - ADDED ENTRY ELEMENTS (KOHA)
Source of classification or shelving scheme Library of Congress Classification
Koha item type Books
Holdings
Withdrawn status Lost status Source of classification or shelving scheme Damaged status Not for loan Permanent Location Current Location Date acquired Total Checkouts Full call number Barcode Date last seen Price effective from Koha item type
    Library of Congress Classification     NILE UNIVERSITY OF NIGERIA - MAIN LIBRARY NILE UNIVERSITY OF NIGERIA - MAIN LIBRARY 10/16/2025   RC 651 P75 2025 0199221 10/16/2025 10/16/2025 Books